<?xml version="1.0" encoding="UTF-8"?>
<record
    xmlns:xsi="http://www.w3.org/2001/XMLSchema-instance"
    xsi:schemaLocation="http://www.loc.gov/MARC21/slim http://www.loc.gov/standards/marcxml/schema/MARC21slim.xsd"
    xmlns="http://www.loc.gov/MARC21/slim">

  <leader>02473nam2a22003611  4500</leader>
  <controlfield tag="001">rc\4022383</controlfield>
  <controlfield tag="005">20250611061252.0</controlfield>
  <datafield tag="021" ind1=" " ind2=" ">
    <subfield code="a">RU</subfield>
    <subfield code="b">[50-29942]</subfield>
  </datafield>
  <datafield tag="035" ind1=" " ind2=" ">
    <subfield code="a">(NLR Aleph) 008087281</subfield>
  </datafield>
  <datafield tag="090" ind1=" " ind2=" ">
    <subfield code="a">9161076</subfield>
    <subfield code="c">9161076</subfield>
  </datafield>
  <datafield tag="100" ind1=" " ind2=" ">
    <subfield code="a">20130415d1950    |||y0rusy50      ca</subfield>
  </datafield>
  <datafield tag="101" ind1="0" ind2=" ">
    <subfield code="a">rus</subfield>
  </datafield>
  <datafield tag="102" ind1=" " ind2=" ">
    <subfield code="a">RU</subfield>
  </datafield>
  <datafield tag="105" ind1=" " ind2=" ">
    <subfield code="a">a   z   |||||</subfield>
  </datafield>
  <datafield tag="200" ind1="1" ind2=" ">
    <subfield code="a">&#x41D;&#x438;&#x436;&#x435;&#x433;&#x43E;&#x440;&#x43E;&#x434;&#x441;&#x43A;&#x438;&#x435; &#x440;&#x430;&#x431;&#x43E;&#x442;&#x44B;. 1882-1887</subfield>
    <subfield code="e">&#x427;. 1</subfield>
    <subfield code="e">[&#x41C;&#x430;&#x442;&#x435;&#x440;&#x438;&#x430;&#x43B;&#x44B; &#x43A; &#x43E;&#x446;&#x435;&#x43D;&#x43A;&#x435; &#x437;&#x435;&#x43C;&#x435;&#x43B;&#x44C; &#x41D;&#x438;&#x436;&#x435;&#x433;&#x43E;&#x440;&#x43E;&#x434;&#x441;&#x43A;&#x43E;&#x439; &#x433;&#x443;&#x431;&#x435;&#x440;&#x43D;&#x438;&#x438;; &#x41E; &#x43D;&#x43E;&#x440;&#x43C;&#x430;&#x43B;&#x44C;&#x43D;&#x43E;&#x439; &#x43E;&#x446;&#x435;&#x43D;&#x43A;&#x435; &#x43F;&#x43E;&#x447;&#x432; &#x415;&#x432;&#x440;&#x43E;&#x43F;&#x435;&#x439;&#x441;&#x43A;&#x43E;&#x439; &#x420;&#x43E;&#x441;&#x441;&#x438;&#x438;; &#x41F;&#x435;&#x442;&#x440;&#x43E;&#x432; &#x411;.&#x424;. &#x41D;&#x438;&#x436;&#x435;&#x433;&#x43E;&#x440;&#x43E;&#x434;&#x441;&#x43A;&#x438;&#x435; &#x440;&#x430;&#x431;&#x43E;&#x442;&#x44B; &#x412;.&#x412;. &#x414;&#x43E;&#x43A;&#x443;&#x447;&#x430;&#x435;&#x432;&#x430;</subfield>
    <subfield code="f">&#x41F;&#x43E;&#x434;&#x433;&#x43E;&#x442;. &#x411;.&#x424;. &#x41F;&#x435;&#x442;&#x440;&#x43E;&#x432;&#x44B;&#x43C; &#x438; &#x412;.&#x41D;. &#x417;&#x430;&#x432;&#x430;&#x440;&#x438;&#x446;&#x43A;&#x438;&#x43C;</subfield>
    <subfield code="g">&#x41E;&#x442;&#x432;. &#x440;&#x435;&#x434;. &#x430;&#x43A;&#x430;&#x434;. &#x41B;.&#x418;. &#x41F;&#x440;&#x430;&#x441;&#x43E;&#x43B;&#x43E;&#x432;, &#x434;-&#x440; &#x441;.-&#x445;. &#x43D;&#x430;&#x443;&#x43A; &#x411;.&#x424;. &#x41F;&#x435;&#x442;&#x440;&#x43E;&#x432;]</subfield>
  </datafield>
  <datafield tag="210" ind1=" " ind2=" ">
    <subfield code="d">1950</subfield>
    <subfield code="a">&#x411;. &#x43C;.</subfield>
  </datafield>
  <datafield tag="215" ind1=" " ind2=" ">
    <subfield code="a">413 &#x441;.</subfield>
    <subfield code="c">&#x438;&#x43B;.</subfield>
    <subfield code="d">27</subfield>
  </datafield>
  <datafield tag="320" ind1=" " ind2=" ">
    <subfield code="a">&#x41B;&#x438;&#x442;&#x435;&#x440;&#x430;&#x442;&#x443;&#x440;&#x430;, &#x446;&#x438;&#x442;&#x438;&#x440;. &#x412;.&#x412;. &#x414;&#x43E;&#x43A;&#x443;&#x447;&#x430;&#x435;&#x432;&#x44B;&#x43C; &#x432; 4-&#x43C; &#x442;. &#x421;&#x43E;&#x447;&#x438;&#x43D;&#x435;&#x43D;&#x438;&#x439;: &#x441;. 383-385</subfield>
  </datafield>
  <datafield tag="461" ind1=" " ind2="0">
    <subfield code="1">001rc\4022379</subfield>
    <subfield code="1">2001#$a&#x421;&#x43E;&#x447;&#x438;&#x43D;&#x435;&#x43D;&#x438;&#x44F;$e[&#x422;.] 1-$f&#x410;&#x43A;&#x430;&#x434;. &#x43D;&#x430;&#x443;&#x43A; &#x421;&#x421;&#x421;&#x420;$v[&#x422;.] 4</subfield>
    <subfield code="1">700#1$a&#x414;&#x43E;&#x43A;&#x443;&#x447;&#x430;&#x435;&#x432;$b&#x412;.&#x412;.$f1846-1903$g&#x412;&#x430;&#x441;&#x438;&#x43B;&#x438;&#x439; &#x412;&#x430;&#x441;&#x438;&#x43B;&#x44C;&#x435;&#x432;&#x438;&#x447;</subfield>
    <subfield code="9">9161055</subfield>
    <subfield code="a">&#x414;&#x43E;&#x43A;&#x443;&#x447;&#x430;&#x435;&#x432;, &#x412;.&#x412;. (1846-1903)</subfield>
    <subfield code="c">&#x41C;&#x43E;&#x441;&#x43A;&#x432;&#x430;</subfield>
    <subfield code="d">1949</subfield>
    <subfield code="f">&#x410;&#x43A;&#x430;&#x434;. &#x43D;&#x430;&#x443;&#x43A; &#x421;&#x421;&#x421;&#x420;</subfield>
    <subfield code="n">&#x418;&#x437;&#x434;-&#x432;&#x43E; &#x438; 2-&#x44F; &#x442;&#x438;&#x43F;. &#x418;&#x437;&#x434;-&#x432;&#x430; &#x410;&#x43A;&#x430;&#x434;. &#x43D;&#x430;&#x443;&#x43A; &#x421;&#x421;&#x421;&#x420; &#x432; &#x41C;.</subfield>
    <subfield code="o">[&#x422;.] 1-</subfield>
    <subfield code="t">&#x421;&#x43E;&#x447;&#x438;&#x43D;&#x435;&#x43D;&#x438;&#x44F;</subfield>
    <subfield code="v">[&#x422;.] 4</subfield>
  </datafield>
  <datafield tag="464" ind1=" " ind2="0">
    <subfield code="1">2001#$a&#x41E; &#x43D;&#x43E;&#x440;&#x43C;&#x430;&#x43B;&#x44C;&#x43D;&#x43E;&#x439; &#x43E;&#x446;&#x435;&#x43D;&#x43A;&#x435; &#x43F;&#x43E;&#x447;&#x432; &#x415;&#x432;&#x440;&#x43E;&#x43F;&#x435;&#x439;&#x441;&#x43A;&#x43E;&#x439; &#x420;&#x43E;&#x441;&#x441;&#x438;&#x438;</subfield>
    <subfield code="t">&#x41E; &#x43D;&#x43E;&#x440;&#x43C;&#x430;&#x43B;&#x44C;&#x43D;&#x43E;&#x439; &#x43E;&#x446;&#x435;&#x43D;&#x43A;&#x435; &#x43F;&#x43E;&#x447;&#x432; &#x415;&#x432;&#x440;&#x43E;&#x43F;&#x435;&#x439;&#x441;&#x43A;&#x43E;&#x439; &#x420;&#x43E;&#x441;&#x441;&#x438;&#x438;</subfield>
  </datafield>
  <datafield tag="464" ind1=" " ind2="0">
    <subfield code="1">2001#$a&#x41D;&#x438;&#x436;&#x435;&#x433;&#x43E;&#x440;&#x43E;&#x434;&#x441;&#x43A;&#x438;&#x435; &#x440;&#x430;&#x431;&#x43E;&#x442;&#x44B; &#x412;.&#x412;. &#x414;&#x43E;&#x43A;&#x443;&#x447;&#x430;&#x435;&#x432;&#x430;</subfield>
    <subfield code="1">700#1$a&#x41F;&#x435;&#x442;&#x440;&#x43E;&#x432;$b&#x411;.&#x424;.</subfield>
    <subfield code="t">&#x41D;&#x438;&#x436;&#x435;&#x433;&#x43E;&#x440;&#x43E;&#x434;&#x441;&#x43A;&#x438;&#x435; &#x440;&#x430;&#x431;&#x43E;&#x442;&#x44B; &#x412;.&#x412;. &#x414;&#x43E;&#x43A;&#x443;&#x447;&#x430;&#x435;&#x432;&#x430;</subfield>
    <subfield code="a">&#x41F;&#x435;&#x442;&#x440;&#x43E;&#x432;, &#x411;.&#x424;.</subfield>
  </datafield>
  <datafield tag="464" ind1=" " ind2="0">
    <subfield code="1">2001#$a&#x41C;&#x430;&#x442;&#x435;&#x440;&#x438;&#x430;&#x43B;&#x44B; &#x43A; &#x43E;&#x446;&#x435;&#x43D;&#x43A;&#x435; &#x437;&#x435;&#x43C;&#x435;&#x43B;&#x44C; &#x41D;&#x438;&#x436;&#x435;&#x433;&#x43E;&#x440;&#x43E;&#x434;&#x441;&#x43A;&#x43E;&#x439; &#x433;&#x443;&#x431;&#x435;&#x440;&#x43D;&#x438;&#x438;</subfield>
    <subfield code="t">&#x41C;&#x430;&#x442;&#x435;&#x440;&#x438;&#x430;&#x43B;&#x44B; &#x43A; &#x43E;&#x446;&#x435;&#x43D;&#x43A;&#x435; &#x437;&#x435;&#x43C;&#x435;&#x43B;&#x44C; &#x41D;&#x438;&#x436;&#x435;&#x433;&#x43E;&#x440;&#x43E;&#x434;&#x441;&#x43A;&#x43E;&#x439; &#x433;&#x443;&#x431;&#x435;&#x440;&#x43D;&#x438;&#x438;</subfield>
  </datafield>
  <datafield tag="606" ind1=" " ind2=" ">
    <subfield code="a">&#x417;&#x435;&#x43C;&#x43B;&#x438;</subfield>
    <subfield code="x">&#x41E;&#x446;&#x435;&#x43D;&#x43A;&#x430; (&#x442;. 4)</subfield>
    <subfield code="2">psbo</subfield>
  </datafield>
  <datafield tag="606" ind1=" " ind2=" ">
    <subfield code="a">&#x41F;&#x43E;&#x447;&#x432;&#x430; (&#x442;. 4)</subfield>
    <subfield code="2">psbo</subfield>
  </datafield>
  <datafield tag="606" ind1=" " ind2=" ">
    <subfield code="a">&#x41F;&#x43E;&#x447;&#x432;&#x44B;</subfield>
    <subfield code="x">&#x41A;&#x43B;&#x430;&#x441;&#x441;&#x438;&#x444;&#x438;&#x43A;&#x430;&#x446;&#x438;&#x44F; (&#x442;. 4)</subfield>
    <subfield code="2">psbo</subfield>
  </datafield>
  <datafield tag="702" ind1=" " ind2="1">
    <subfield code="a">&#x417;&#x430;&#x432;&#x430;&#x440;&#x438;&#x446;&#x43A;&#x438;&#x439;</subfield>
    <subfield code="b">&#x412;.&#x41D;.</subfield>
    <subfield code="4">570</subfield>
  </datafield>
  <datafield tag="702" ind1=" " ind2="1">
    <subfield code="a">&#x41F;&#x440;&#x430;&#x441;&#x43E;&#x43B;&#x43E;&#x432;</subfield>
    <subfield code="b">&#x41B;.&#x418;.</subfield>
    <subfield code="g">&#x41B;&#x435;&#x43E;&#x43D;&#x438;&#x434; &#x418;&#x432;&#x430;&#x43D;&#x43E;&#x432;&#x438;&#x447;</subfield>
    <subfield code="4">340</subfield>
  </datafield>
  <datafield tag="702" ind1=" " ind2="1">
    <subfield code="a">&#x41F;&#x435;&#x442;&#x440;&#x43E;&#x432;</subfield>
    <subfield code="b">&#x411;.&#x424;.</subfield>
    <subfield code="4">570</subfield>
    <subfield code="4">340</subfield>
  </datafield>
  <datafield tag="801" ind1=" " ind2="0">
    <subfield code="a">RU</subfield>
    <subfield code="b">NLR</subfield>
    <subfield code="g">psbo</subfield>
  </datafield>
  <datafield tag="801" ind1=" " ind2="1">
    <subfield code="a">RU</subfield>
    <subfield code="b">ELAR</subfield>
    <subfield code="2">rusmarc</subfield>
  </datafield>
  <datafield tag="852" ind1=" " ind2=" ">
    <subfield code="a">NLR</subfield>
    <subfield code="j">&#x421;14 &#x413;-7/25</subfield>
  </datafield>
  <datafield tag="942" ind1=" " ind2=" ">
    <subfield code="c">BOOK</subfield>
  </datafield>
  <datafield tag="980" ind1=" " ind2=" ">
    <subfield code="a">NB</subfield>
  </datafield>
  <datafield tag="995" ind1=" " ind2=" ">
    <subfield code="5">2013-10-26</subfield>
    <subfield code="b">NLR02</subfield>
    <subfield code="c">NLR02</subfield>
    <subfield code="e">RFS</subfield>
    <subfield code="f">8087281-10</subfield>
    <subfield code="k">&#x421;14 &#x413;-7/25</subfield>
    <subfield code="o">0</subfield>
    <subfield code="r">BOOK</subfield>
    <subfield code="s">14_725</subfield>
  </datafield>
  <datafield tag="995" ind1=" " ind2=" ">
    <subfield code="5">2014-07-11</subfield>
    <subfield code="a">aa</subfield>
    <subfield code="b">NLR01</subfield>
    <subfield code="c">NLR01</subfield>
    <subfield code="e">OZ3</subfield>
    <subfield code="f">1-574048</subfield>
    <subfield code="k">&#x41C;1 &#x41F;03/&#x414;-639</subfield>
    <subfield code="o">0</subfield>
    <subfield code="r">BOOK</subfield>
    <subfield code="s">1_03639</subfield>
  </datafield>
</record>
